Catalog

Record Details

Catalog Search



100 her pro děti do tří let : v dětských skupinách a mateřských školách  Cover Image Book Book

100 her pro děti do tří let : v dětských skupinách a mateřských školách / Katharina Bäcker-Braun ; z německých originálů Die 50 besten Spiele für Unter-Dreijährige a Die 50 besten Spiele für Tagesmutter přeložila Markéta Škultéty

Bäcker-Braun, Katharina (Author). Škultéty, Michaela, 1972- (Translator). Bäcker-Braun, Katharina. 50 besten Spiele für Unter-Dreijährige. Česky (Added Author). Bäcker-Braun, Katharina. 50 besten Spiele für Tagesmutter. Česky. (Added Author).

Record details

  • ISBN: 978-80-262-0947-8
  • Physical Description: 78 stran : ilustrace ; 23 cm
  • Edition: Vydání první
  • Publisher: Praha : Portál, 2015
Subject: předškolní výchova
hry
Genre: metodické příručky

Available copies

  • 1 of 1 copy available at Common Catalog SPOK.

Holds

  • 0 current holds with 1 total copy.
Show Only Available Copies
Location Call Number / Copy Notes Barcode Shelving Location Status Due Date
Jabok Library Ped-3.5.1.2/B 424480035550 Odborná literatura Available -

LDR 01812nam a2200445 i 4500
00123569
003CZ-PrJAB
00520160202130712.0
008151130s2015 xr ||||||f |||||||cze d
020 . ‡a978-80-262-0947-8 ‡q(brožováno)
035 . ‡a(CZ PrSKC)KN3148000000706884
040 . ‡aULG001 ‡bcze ‡erda
0411 . ‡acze ‡hger
072 7. ‡a373.2/.3 ‡xPředškolní a primární výchova a vzdělávání ‡2Konspekt ‡922
080 . ‡a373.2 ‡2MRF-sel
080 . ‡a379.8 ‡2MRF-sel
080 . ‡a793 ‡2MRF-sel
080 . ‡a796 ‡2MRF-sel
1001 . ‡aBäcker-Braun, Katharina ‡7kv2014814306 ‡4aut
24510. ‡a100 her pro děti do tří let : ‡bv dětských skupinách a mateřských školách / ‡cKatharina Bäcker-Braun ; z německých originálů Die 50 besten Spiele für Unter-Dreijährige a Die 50 besten Spiele für Tagesmutter přeložila Markéta Škultéty
2460 . ‡aSto her pro děti do tří let
250 . ‡aVydání první
264 1. ‡aPraha : ‡bPortál, ‡c2015
300 . ‡a78 stran : ‡bilustrace ; ‡c23 cm
336 . ‡atext ‡btxt ‡2rdacontent
337 . ‡abez média ‡bn ‡2rdamedia
338 . ‡asvazek ‡bnc ‡2rdacarrier
65007. ‡apředškolní výchova ‡7ph124887 ‡2czenas
65007. ‡ahry ‡7ph114716 ‡2czenas
655 7. ‡ametodické příručky ‡7fd132826 ‡2czenas
7001 . ‡aŠkultéty, Michaela, ‡d1972- ‡7mzk2003188779 ‡4trl
70012. ‡aBäcker-Braun, Katharina. ‡t50 besten Spiele für Unter-Dreijährige. ‡lČesky
70012. ‡aBäcker-Braun, Katharina. ‡t50 besten Spiele für Tagesmutter. ‡lČesky.
900 . ‡aULG001 ‡b18
910 . ‡aABG312
901 . ‡a23569 ‡b ‡c23569 ‡tbiblio

Additional Resources